Statistiques concernant La collection de pays de David le Dragon

Cliquez ici pour prendre le quiz!

Statistiques générales

  • Ce quiz a été pris 5 827 fois
  • Le résultat moyen est 18 sur 29

Réponses sur la Carte

Les réponses sont colorées sur une échelle allant du rouge au vert en fonction du pourcentage des utilisateurs qui les ont devinées à leur premier essai. Vous pouvez retrouver ces pourcentages ci-dessous.
 

Statistiques - réponses

Pays% Correct
Italie
98%
Norvège
97%
Chili
95%
Japon
87%
Madagascar
86%
Somalie
82%
Viêt Nam
77%
Argentine
75%
Soudan
74%
Portugal
69%
Maroc
68%
Pakistan
65%
Bénin
63%
Birmanie
63%
Suède
63%
Inde
61%
Mozambique
59%
Togo
56%
Cameroun
53%
Tunisie
51%
Islande
48%
Nouvelle-Zélande
47%
Panama
47%
Népal
46%
Paraguay
34%
Cuba
33%
République tchèque
30%
Hongrie
29%
Macédoine du Nord
28%

Distribution des résultats

Percentile par nombre de réponses

% des personnes avec chaque résultat

Votre développement - résultats

Vous n’avez pas pris ce quiz